| Tag |
First Indicator |
Second Indicator |
Subfields |
| LEADER |
00000cam a2200000 i 4500 |
| 001 |
in00003724821 |
| 005 |
20170926145754.0 |
| 008 |
160205s2016 nyua b 001 0 eng |
| 010 |
|
|
|a 2016005123
|
| 020 |
|
|
|a 9780190462116
|q hardcover ;
|q alkaline paper
|
| 020 |
|
|
|a 0190462116
|q hardcover ;
|q alkaline paper
|
| 020 |
|
|
|a 9780190462123
|q paperback ;
|q alkaline paper
|
| 020 |
|
|
|a 0190462124
|q paperback ;
|q alkaline paper
|
| 024 |
8 |
|
|a 40026313026
|
| 024 |
8 |
|
|a 40026398885
|
| 035 |
|
|
|a (OCoLC)ocn937999190
|
| 035 |
|
|
|a (OCoLC)937999190
|
| 040 |
|
|
|a DLC
|b eng
|e rda
|c DLC
|d YDX
|d OCLCF
|d BDX
|d YDXCP
|d BTCTA
|d YUS
|d GZM
|d UtOrBLW
|
| 042 |
|
|
|a pcc
|
| 049 |
|
|
|a TXAM
|
| 050 |
0 |
0 |
|a JZ4059
|b .T38 2016
|
| 082 |
0 |
0 |
|a 327.2
|2 23
|
| 100 |
1 |
|
|a Tavares, Rodrigo,
|e author.
|0 http://id.loc.gov/authorities/names/n2007025775
|
| 245 |
1 |
0 |
|a Paradiplomacy :
|b cities and states as global players /
|c Rodrigo Tavares.
|
| 264 |
|
1 |
|a New York, NY :
|b Oxford University Press,
|c [2016]
|
| 300 |
|
|
|a x, 272 pages :
|b illustrations ;
|c 21 cm
|
| 336 |
|
|
|a text
|b txt
|2 rdacontent
|
| 337 |
|
|
|a unmediated
|b n
|2 rdamedia
|
| 338 |
|
|
|a volume
|b nc
|2 rdacarrier
|
| 504 |
|
|
|a Includes bibliographical references and index.
|
| 650 |
|
0 |
|a Subnational governments
|x Foreign relations.
|0 http://id.loc.gov/authorities/subjects/sh99001304
|
| 650 |
|
0 |
|a Municipal government
|x International cooperation.
|
| 650 |
|
0 |
|a Globalization
|x Political aspects.
|
| 650 |
|
7 |
|a Globalization
|x Political aspects.
|2 fast
|0 (OCoLC)fst00943538
|
| 650 |
|
7 |
|a Municipal government
|x International cooperation.
|2 fast
|0 (OCoLC)fst01029331
|
| 650 |
|
7 |
|a Subnational governments
|x Foreign relations.
|2 fast
|0 (OCoLC)fst01136686
|
| 776 |
0 |
8 |
|i Online version:
|a Tavares, Rodrigo.
|t Paradiplomacy.
|d New York : Oxford University Press, [2016]
|z 9780190462130
|w (DLC) 2016006287
|
| 945 |
|
|
|b 809507
|
| 947 |
|
|
|a A14843454779
|
| 994 |
|
|
|a 92
|b TXA
|
| 948 |
|
|
|a Cataloged
|b h
|c 2016/10/13
|d c
|e AReeder
|
| 999 |
f |
f |
|s f7053f43-b59d-3f48-93c8-f9921150a6e2
|i 75e2abe8-a1f2-3197-bbdb-f12d082997ae
|t 0
|
| 952 |
f |
f |
|p normal
|a Texas A&M University
|b College Station
|c Sterling C. Evans Library
|d Evans: Library Stacks
|t 0
|e JZ4059 .T38 2016
|h Library of Congress classification
|i unmediated -- volume
|m A14843454779
|
| 998 |
f |
f |
|a JZ4059 .T38 2016
|t 0
|l Evans: Library Stacks
|